Normal view
MARC view
- Nichols, Randall K
Entry Personal Name
001 - CONTROL NUMBER
- control field: 109134
003 - CONTROL NUMBER IDENTIFIER
- control field: NUST
005 - DATE AND TIME OF LATEST TRANSACTION
- control field: 20230216113840.0
008 - FIXED-LENGTH DATA ELEMENTS
- fixed length control field: 230216|| aca||aabn | a|a d
040 ## - CATALOGING SOURCE
- Original cataloging agency: NUST
- Transcribing agency: NUST
100 ## - HEADING--PERSONAL NAME
- Personal name: Nichols, Randall K
670 ## - SOURCE DATA FOUND
- Source citation: Work cat.: (NUST)176187: Nichols, Randall K., Classical cryptography course Vol.2 /, 1996
